LIBRARY & INFORMATION CENTRE, KCAET, TAVANUR

ONLINE PUBLIC ACCESS CATALOGUE (OPAC)

Planning and management of hydropower resourses in India / (Record no. 2720)

MARC details
000 -LEADER
fixed length control field 00407cam a2200145ua 4500
003 - CONTROL NUMBER IDENTIFIER
control field OSt
008 - FIXED-LENGTH DATA ELEMENTS--GENERAL INFORMATION
fixed length control field 241223b |||||||| |||| 00| 0 eng d
041 ## - LANGUAGE CODE
Language code of text/sound track or separate title eng
082 ## - DEWEY DECIMAL CLASSIFICATION NUMBER
Classification number 627.01
Item number NAI/PL
100 ## - MAIN ENTRY--AUTHOR NAME
Personal name Naidu, B S K .
245 ## - TITLE STATEMENT
Title Planning and management of hydropower resourses in India /
260 ## - PUBLICATION, DISTRIBUTION, ETC. (IMPRINT)
Place of publication Newdelhi :
Name of publisher Central board of irrigation and power ,
Year of publication 1992.
300 ## - PHYSICAL DESCRIPTION
Number of Pages 207 ; .
942 ## - ADDED ENTRY ELEMENTS (KOHA)
Koha item type Books
Holdings
Withdrawn status Lost status Damaged status Home library Current library Date acquired Full call number Accession Number Koha item type
      KAUAET KAUAET 07/04/2012 627.01 NAI/PL 19863 Books
      KAUAET KAUAET 07/04/2012 627.01 NAI/PL 20105 Books
free website counter